| 000 | 00548nam a2200193 a 4500 | ||
|---|---|---|---|
| 001 | 000019856 | ||
| 005 | 20200929170151.0 | ||
| 008 | 100708s1968 sp ad r 000 0 spa d | ||
| 040 |
_aDO-SdBNP _bspa _cBNPHU |
||
| 082 |
_axxx _bB825 |
||
| 100 | 1 |
_aBrauman, A. _942374 |
|
| 240 | 1 | 0 | _aGuide de la secretaire |
| 245 | 1 | 0 |
_aGuía de la Secretaria / _cA. Brauman. |
| 250 | _a4a ed. | ||
| 260 |
_aBarcelona : _bEditorial Francisco Casanovas, _c1968. |
||
| 300 |
_a88 p. ; : _bil., diag. ; _c21 cm. |
||
| 534 | _aGuide de la secretaire | ||
| 049 | _aBNGR | ||
| 999 |
_c19369 _d19369 |
||